000
00253nam a2200109Ia 4500
008
190912s9999||||xx |||||||||||||| ||und||
100
_a
Anwer Saeed
245
0
_a
Urdu dab Ki Mukhtaser Tarikh
260
_a
Lahore
_b
A.H.
_c
1998
300
_a
675
942
_c
BK
999
_c
7665
_d
7665